000 00842nam a2200241 i 4500
001 11198
003 ES-MaACL
005 20230906150040.0
007 t|
008 960219s1995 sp ||||1| spa d
020 _a84-7426-249-6
080 _a327"1994/1995"
080 _a327.36"1994/1995"
245 0 0 _aRuptura de hegemonías
_b: la fragmentación del poder en el mundo : Anuario del CIP : 1994-1995 /
_cMariano Aguirre (ed.).
250 _a[1ª ed.].
260 _aMadrid :
_bCentro de Investigaciones para la Paz :
_bFundación Hogar del Empleado :
_bIcaria,
_c1995.
300 _a397 p. ;
_c21 cm.
650 _aRelaciones internacionales.
_916783
700 1 _aAguirre, Mariano.
_918840
710 2 _aCentro de Investigación para la Paz.
_92700
740 0 _aAnuario CIP 1994-1995.
852 _aES-MaACL
_jL-18523
_bR.124789
999 _c11198
_d11198